| 000 | 01180nam a2200265 a 4500 | ||
|---|---|---|---|
| 003 | OSt | ||
| 005 | 20230531140325.0 | ||
| 007 | cr ||||||a|c|a | ||
| 008 | 230530s2022 mx ad||fom||| 001 0 spa d | ||
| 040 | _erda | ||
| 100 | 1 |
_9187183 _aMorales Cruz, Amaris |
|
| 245 | 1 | 0 |
_aEfecto del fotoperiodo en la tuberización de dalia silvestre (Dalia pinnata Cav.) / _cpor Amaris Morales Cruz; director de tesis María de Los Angeles Rodríguez Elizalde |
| 264 |
_aChapingo, México : _bEl autor, _c2022 |
||
| 300 |
_a1 recurso en línea (51 páginas): _bIlustraciones, gráficas |
||
| 336 |
_2rdacontent _atexto _btxt |
||
| 337 |
_2rdamedia _acomputadora _bc |
||
| 338 |
_2rdacarrier _arecurso en línea _bcr |
||
| 502 |
_bIAEF _cFitotecnia _d2022 _gLIC |
||
| 504 | _aIncluye referencias bibliográficas: páginas 48-51 | ||
| 650 | 4 |
_9131506 _aDalia _xMejoramiento de las especies |
|
| 650 | 4 |
_9130386 _aDalia _xRaiz tuberosa _xFisiología y morfología |
|
| 700 | 1 |
_998460 _aRodríguez Elizalde, María de los Angeles _eDirector de tesis |
|
| 856 |
_uhttp://10.13.5.2/tesis/tl/1411692-6_Morales-Cruz_Amaris.pdf _zDESCARGAR PDF |
||
| 942 |
_2Clasificación Universidad Autónoma Chapingo _cTD |
||
| 999 |
_c218857 _d218857 |
||